|
|
|
|
| LEADER |
00000cam a2200000 a 4500 |
| 001 |
vtls010610378 |
| 003 |
SK-MaSNL |
| 005 |
20260301182914.0 |
| 007 |
fb a un a |
| 008 |
240315s2014 xo ff 000 0 slo |
| 015 |
|
|
|a SNBK2014
|
| 020 |
|
|
|a 9788018026564
|q (brož.)
|
| 040 |
|
|
|a SNK
|b slo
|c SNK
|e AACR2
|
| 041 |
0 |
|
|a slo
|
| 044 |
|
|
|a xo
|c SK
|
| 072 |
|
7 |
|a 78
|x Hudba
|2 konspekt
|
| 072 |
|
7 |
|a 373.2/.3
|x Predškolská a primárna výchova a vzdelávanie
|2 konspekt
|
| 080 |
|
|
|a 78:37.016
|2 2001
|
| 080 |
|
|
|a 373.2
|2 2001
|
| 080 |
|
|
|a 373.3
|2 2001
|
| 080 |
|
|
|a 37.043.2
|2 2001
|
| 080 |
|
|
|a 37.01:78
|2 2001
|
| 080 |
|
|
|a (048.8)
|2 2001
|
| 080 |
|
|
|a (0:003.24)
|2 2001
|
| 100 |
1 |
|
|a Balcárová, Božena
|4 aut
|9 71717
|
| 245 |
1 |
0 |
|a Teória a prax integratívnej hudobnej výchovy
|h Braillovo písmo
|c Božena Balcárová ; [korektor: Ingrida Richterová]
|
| 260 |
|
|
|a Levoča
|b Slovenská knižnica pre nevidiacich Mateja Hrebendu
|c 2014
|
| 300 |
|
|
|a 4 zv. v Braillovom písme
|c 26 x 31 cm
|
| 520 |
8 |
|
|a Publikácia dlhoročnej hudobnej didaktičky na 1. stupni ZŠ. Je významným prínosom do odbornej, hudobno-pedagogickej literatúry
|
| 534 |
|
|
|a V Prešove
|b Prešovská univerzita, Pedagogická fakulta
|c 2013
|
| 650 |
0 |
7 |
|a hudobná výchova
|2 SNKPH
|9 1662
|
| 650 |
0 |
7 |
|a základné vzdelávanie
|2 SNKPH
|9 69527
|
| 650 |
0 |
7 |
|a integrovaná výchova a vzdelávanie
|2 SNKPH
|9 67219
|
| 650 |
0 |
7 |
|a hudobná pedagogika
|2 SNKPH
|9 67645
|
| 655 |
|
7 |
|a publikácie pre nevidiacich
|2 SNKPH
|9 70695
|
| 655 |
|
7 |
|a publikácie v Braillovom písme
|2 SNKPH
|9 222610
|
| 655 |
|
7 |
|a monografie
|2 SNKPH
|9 70139
|
| 700 |
1 |
|
|a Richterová, Ingrida
|4 pfr
|9 303020
|
| 752 |
|
|
|a Slovensko
|d Prešov
|
| 787 |
0 |
8 |
|i podľa knihy:
|t Teória a prax integratívnej hudobnej výchovy
|z 978-80-555-0839-9
|
| 919 |
|
|
|a 978-80-18-02656-4
|
| 958 |
|
|
|a SX
|
| 999 |
|
|
|c 855211
|d 857141
|
| 952 |
|
|
|a SNK
|b SNK
|y PREZ
|7 0
|p 17A1117789
|o snkOSB 17707/1
|i snk2014/21679
|8 0
|0 0
|1 0
|4 0
|d 2014-10-14
|l 0
|r 2026-02-24 04:54:26
|w 2026-02-24
|
| 952 |
|
|
|a SNK
|b SNK
|y PREZ
|7 0
|p 17A1117788
|o snkOSB 17707/2
|i snk2014/21681
|8 0
|0 0
|1 0
|4 0
|d 2014-10-14
|l 0
|r 2026-02-24 04:54:26
|w 2026-02-24
|
| 952 |
|
|
|a SNK
|b SNK
|y PREZ
|7 0
|p 17A1117787
|o snkOSB 17707/3
|i snk2014/21686
|8 0
|0 0
|1 0
|4 0
|d 2014-10-14
|l 0
|r 2026-02-24 04:54:26
|w 2026-02-24
|
| 952 |
|
|
|a SNK
|b SNK
|y PREZ
|7 0
|p 17A1117786
|o snkOSB 17707/4
|i snk2014/21687
|8 0
|0 0
|1 0
|4 0
|d 2014-10-14
|l 0
|r 2026-02-24 04:54:26
|w 2026-02-24
|